| 000 | 00660nam a2200217 i 4500 | ||
|---|---|---|---|
| 001 | 94406 | ||
| 003 | ES-MaACL | ||
| 005 | 20230906181453.0 | ||
| 007 | t| | ||
| 008 | 050429s1985 sp ||||1| spa d | ||
| 020 | _a84-1046-7 | ||
| 100 | 1 |
_aLorca Navarrete, José F. _974078 |
|
| 245 | 1 | 0 |
_aFilosofía del derecho _b: perfiles sistemáticos-metodológicos / _cJosé F. Lorca Navarrete. |
| 250 | _a1ª ed. | ||
| 260 |
_aMadrid : _bAlhambra, _c1985. |
||
| 300 |
_aV, 147 p. ; _c19 cm. |
||
| 490 | 1 |
_aMezquita. Serie Derecho ; _v35 |
|
| 830 | 0 |
_aMezquita. Serie Derecho ; _v35 _9232144 |
|
| 852 |
_aES-MaACL _jL-12337 _bR.114557 |
||
| 999 |
_c94406 _d94406 |
||